Kabale University Library Catalogue

Generating jobs : (Record no. 6085)

MARC details
000 -LEADER
fixed length control field 00743cam a2200217 a 4500
003 - CONTROL NUMBER IDENTIFIER
control field OSt
005 - DATE AND TIME OF LATEST TRANSACTION
control field 20260205152402.0
008 - FIXED-LENGTH DATA ELEMENTS--GENERAL INFORMATION
fixed length control field 970822s1998 nyua b 001 0 eng
020 ## - INTERNATIONAL STANDARD BOOK NUMBER
International Standard Book Number 978087154315
040 ## - CATALOGING SOURCE
Original cataloging agency KABLIB
Transcribing agency KABLIB
Description conventions rda
082 ## - DEWEY DECIMAL CLASSIFICATION NUMBER
Classification number 331.12
Edition number 23
Item number FRE
245 00 - TITLE STATEMENT
Title Generating jobs :
Remainder of title how to increase demand for less-skilled workers /
Statement of responsibility, etc. [edited by] Richard B. Freeman, Peter Gottschalk.
260 ## - PUBLICATION, DISTRIBUTION, ETC.
Place of publication, distribution, etc. New York :
Name of publisher, distributor, etc. Russell Sage Foundation,
Date of publication, distribution, etc. c1998.
300 ## - PHYSICAL DESCRIPTION
Extent vii, 336 p. :
Other physical details ill. ;
Dimensions 23 cm.
504 ## - BIBLIOGRAPHY, ETC. NOTE
Bibliography, etc. note Includes index.
650 #0 - SUBJECT ADDED ENTRY--TOPICAL TERM
Topical term or geographic name entry element Labor demand
9 (RLIN) 15457
700 1# - ADDED ENTRY--PERSONAL NAME
Personal name Freeman, Richard B.
9 (RLIN) 15458
700 1# - ADDED ENTRY--PERSONAL NAME
Personal name Gottschalk, Peter,
9 (RLIN) 15459
942 ## - ADDED ENTRY ELEMENTS (KOHA)
Source of classification or shelving scheme Dewey Decimal Classification
Koha item type Book
Holdings
Withdrawn status Lost status Source of classification or shelving scheme Damaged status Not for loan Home library Current library Shelving location Date acquired Source of acquisition Total Checkouts Full call number Barcode Date last seen Price effective from Koha item type
    Dewey Decimal Classification     Mukombe Library Mukombe Library Open Access Section 05.02.2026 Donation   331.12 FRE 14552 05.02.2026 05.02.2026 Book

Kabale University Library | Kabale University P.O Box 317, Kabale, Uganda
Tel : +256754017033, +256774661503 E-mail : library@kab.ac.ug